Logos des équipes de NFL - Statistiques

Statistiques générales
  • Ce quiz a été pris 4 786 fois
  • Le résultat moyen est 26 sur 32
Statistiques - réponses
Par images Réponse % Correct
Miami Dolphins
97%
Minnesota Vikings
93%
New England Patriots
92%
Philadelphia Eagles
92%
Kansas City Chiefs
91%
Detroit Lions
90%
Jacksonville Jaguars
89%
Baltimore Ravens
88%
Carolina Panthers
86%
Atlanta Falcons
85%
Cincinnati Bengals
85%
Las Vegas Raiders
83%
New York Giants
83%
Buffalo Bills
82%
Dallas Cowboys
81%
New Orleans Saints
81%
Pittsburgh Steelers
81%
San Francisco 49ers
81%
Los Angeles Rams
79%
Tennessee Titans
79%
Green Bay Packers
78%
Seattle Seahawks
78%
Denver Broncos
76%
New York Jets
76%
Houston Texans
74%
Indianapolis Colts
74%
Los Angeles Chargers
73%
Arizona Cardinals
70%
Cleveland Browns
69%
Tampa Bay Buccaneers
66%
Washington Commanders
64%
Chicago Bears
61%
Aucun quiz correspondant
Distribution des résultats
% des personnes avec chaque résultat
Percentile par nombre de réponses
Votre historique - résultats
Vous n’avez pas pris ce quiz